Vplyv miery vytriedenia komunálneho odpadu na výdavky obce Majerovce

Miera vytriedenia komunálneho odpadu je kľúčovým ukazovateľom environmentálnej politiky a udržateľného rozvoja obcí. Triedením odpadu rozumieme separáciu odpadu na jednotlivé zložky, ktoré možno recyklovať alebo inak environmentálne zhodnotiť. Zvýšenie miery vytriedenia priamo ovplyvňuje množstvo od...

ver descrição completa

Na minha lista:
Detalhes bibliográficos
Autor principal: Kaľuha, Pavol, 1998-
Formato: Capítulo de Livro
Idioma:eslovaco
Assuntos:
Tags: Adicionar Tag
Sem tags, seja o primeiro a adicionar uma tag!

MARC

LEADER 00000naa a2200000 4500
001 0306076
005 20250603134255.9
041 0 |a slo 
044 |a SK 
245 1 0 |a Vplyv miery vytriedenia komunálneho odpadu na výdavky obce Majerovce  |c Pavol Kaľuha 
520 |a Miera vytriedenia komunálneho odpadu je kľúčovým ukazovateľom environmentálnej politiky a udržateľného rozvoja obcí. Triedením odpadu rozumieme separáciu odpadu na jednotlivé zložky, ktoré možno recyklovať alebo inak environmentálne zhodnotiť. Zvýšenie miery vytriedenia priamo ovplyvňuje množstvo odpadu ktorý končí na skládkach, čím sa znižuje negatívny vplyv na životné prostredie a zároveň sa podporuje efektívnejšie využívanie surovín. Okrem toho, že vytriedenie odpadu prispieva k ochrane životného prostredia, má aj významný vplyv na finančné náklady obcí spojené s odpadovým hospodárstvom. 
610 2 0 |a hospodárstvo odpadové 
610 2 0 |a odpad 
610 2 0 |a samospráva 
610 2 0 |a prostredie životné 
100 1 |a Kaľuha, Pavol, 1998-